Načítá se...

Marxism in India : from decline to debacle /

Podrobná bibliografie
Hlavní autor: Maitra, Kiran
Médium: Printed Book
Jazyk:English
Témata:
LEADER 01048cam a2200325 i 4500
008 130531s2012 ii b 001 0 eng d
010 |a  2013319812 
016 7 |a 016028605  |2 Uk 
020 |a 9788174368478 (pbk.) 
020 |a 8174368477 (pbk.) 
025 |a I-E-2013-319812; 63-90 
035 |a (OCoLC)ocn773878298 
035 |a (OCoLC)773878298 
035 |a (NNC)10751126 
042 |a lccopycat  |a lcode 
043 |a a-ii--- 
082 0 4 |a 320.5320954  |2 23 
100 1 |a Maitra, Kiran. 
245 1 0 |a Marxism in India :  |b from decline to debacle /  |c Kiran Maitra. 
300 |a 304 pages ;  |c 22 cm 
504 |a Includes bibliographical references and index. 
650 0 |a Communism  |z India  |x History. 
650 7 |a Communism. 
942 |c BK 
651 7 |a India.  |2 fast 
655 7 |a History.  |2 fast 
900 |a AUTH 
948 1 |a 20140424  |b c  |c dc21  |d MPS 
999 |c 150332  |d 150332 
952 |0 0  |1 0  |4 0  |6 320_532095400000000_MAI_M  |7 0  |9 160674  |a MCJ  |b MCJ  |c ST1  |d 2015-09-15  |i 2942  |l 1  |o 320.5320954 MAI/M  |p MCJ2942  |r 2020-03-09  |s 2020-02-07  |w 2015-09-15  |y BK